UBT Library

Readings in social theory : (Record no. 989)

000 -LEADER
fixed length control field 00444nam a22001457a 4500
008 - FIXED-LENGTH DATA ELEMENTS--GENERAL INFORMATION
fixed length control field 150604b xxu||||| |||| 00| 0 eng d
020 ## - INTERNATIONAL STANDARD BOOK NUMBER
International Standard Book Number 9780072825770
041 0# - LANGUAGE CODE
Language code of text/sound track or separate title eng
080 ## - UNIVERSAL DECIMAL CLASSIFICATION NUMBER
Universal Decimal Classification number 316
100 1# - Rafti
Rafti Farganis, James.
245 00 - TITLE STATEMENT
Title Readings in social theory :
Statement of responsibility, etc edited with introductions by James Farganis.
250 ## -
-- 4th ed.
260 ## -
-- Boston :
-- McGraw-Hill,
-- c2004.
300 ## -
-- 450 f. ;
-- 23 cm.
Holdings
Withdrawn status Lost status Source of classification or shelving scheme Damaged status Not for loan Collection code Permanent location Current location Shelving location Date acquired Total Checkouts Full call number Barcode Date last seen Price effective from
          Koleksioni i përgjithshem UBT - Lipjan UBT - Lipjan Koleksioni i përgjithshem 04/27/2017   34 FAR 002-283137 04/27/2017 04/27/2017
          Koleksioni i përgjithshem UBT - Lipjan UBT - Lipjan Koleksioni i përgjithshem 04/27/2017   34 RAR 002-283132 04/27/2017 04/27/2017
          Koleksioni i përgjithshem UBT - Lipjan UBT - Lipjan Koleksioni i përgjithshem 04/27/2017   34 RAR 002-283127 04/27/2017 04/27/2017
          Koleksioni i përgjithshem UBT - Lipjan UBT - Lipjan Koleksioni i përgjithshem 04/27/2017   34 RAR 002-283122 10/10/2017 04/27/2017
          Koleksioni i përgjithshem UBT - Lipjan UBT - Lipjan Koleksioni i përgjithshem 09/29/2017   37 FAR 002-2921937 09/29/2017 09/29/2017
          Koleksioni i përgjithshem UBT - Lipjan UBT - Lipjan Koleksioni i përgjithshem 10/02/2017   37 FAR 002-2928132 10/02/2017 10/02/2017
          Koleksioni i përgjithshem UBT - Lipjan UBT - Lipjan Koleksioni i përgjithshem 10/10/2017   34 RAR 002-2930046 10/10/2017 10/10/2017
          Koleksioni i përgjithshem UBT - Lipjan UBT - Lipjan Koleksioni i përgjithshem 10/13/2017   316 FAR 002-2930781 10/13/2017 10/13/2017
UBT Library © 2015-2024. All rights reserved University Education for Business and Technology